Space Trivia - Statistics

General Stats
  • This quiz has been taken 919 times
  • The average score is 7 of 20
Answer Stats
Hint Answer % Correct
Closest star to the Sun Proxima Centauri
65%
"Matter" that holds the universe together Dark matter
57%
Belt outside the Solar System containing comets and some planets Kuiper belt
53%
Farthest man-made object Voyager-1
51%
Brighest star in the night sky Sirius
48%
The largest moon of Saturn Titan
46%
Gas that's most common in the atmosphere of Venus Carbon dioxide
45%
The moon of Pluto Charon
40%
A star (under the Chandrasekhar limit) sheds its outer layers to become this White dwarf
39%
Crater where the Apollo 11 mission landed Sea of Tranquility
34%
Unit of measurement equal to 3.26 light years Parsec
33%
The way the universe is most likely to die Heat death
32%
Red giant on Orion's shoulder Betelgeuse
31%
The name of NASA's current mission to the moon Artemis
25%
The cluster of galaxies that the Milky Way is part of Local Supercluster
25%
Ancient radiation that comes from space, originated in the Big Bang Cosmic rays
21%
Largest star that we know of Stephenson 2-18
18%
The most massive black hole is believed to be here TON 618
15%
The man who found the value of the gravitatonal constant G Henry Cavendish
3%
The instrument that the above used to measure it Torsion balance
1%
No matching quizzes found
Score Distribution
Percent of People with Each Score
Percentile by Number Answered
Your Score History
You have not taken this quiz